| 000 | 00605nam a2200217Ia 4500 | ||
|---|---|---|---|
| 003 | OSt | ||
| 005 | 20250311144311.0 | ||
| 008 | 210210b2017 xxu||||| |||| 00| 0 eng d | ||
| 020 | _a9789383400256 | ||
| 040 | _cAL | ||
| 041 | _ahin | ||
| 082 | _aH491.7 SIMH | ||
| 100 |
_aSIMH (Satydev): _9205600 |
||
| 110 |
_bसिंह सत्यदेव _9205601 |
||
| 245 |
_aHindi shikshan ke nutan ayam: _bहिंदी शिक्षण के नूतन आयाम |
||
| 260 |
_aKanpur _b- _c2017 |
||
| 300 | _a155 | ||
| 690 |
_aHindi Language _9205607 |
||
| 906 | _a071633 | ||
| 942 |
_2ddc _cBK |
||
| 999 |
_c121427 _d121427 |
||